<?xml version="1.0" encoding="UTF-8"?>
<record
    xmlns:xsi="http://www.w3.org/2001/XMLSchema-instance"
    xsi:schemaLocation="http://www.loc.gov/MARC21/slim http://www.loc.gov/standards/marcxml/schema/MARC21slim.xsd"
    xmlns="http://www.loc.gov/MARC21/slim">

  <leader>01371nam a22003617i 4500</leader>
  <datafield tag="999" ind1=" " ind2=" ">
    <subfield code="c">170615</subfield>
    <subfield code="d">170615</subfield>
  </datafield>
  <controlfield tag="003">PPAK</controlfield>
  <controlfield tag="005">20181227151837.0</controlfield>
  <controlfield tag="008">181219b        my ||||| |||| 00| 0 ind d</controlfield>
  <datafield tag="020" ind1=" " ind2=" ">
    <subfield code="a">9786026845115</subfield>
    <subfield code="c">RM90.00</subfield>
    <subfield code="q">hardback</subfield>
  </datafield>
  <datafield tag="040" ind1=" " ind2=" ">
    <subfield code="a">PPAK</subfield>
    <subfield code="b">eng</subfield>
    <subfield code="c">PPAK</subfield>
    <subfield code="e">rda</subfield>
  </datafield>
  <datafield tag="041" ind1="1" ind2=" ">
    <subfield code="a">ind</subfield>
    <subfield code="h">ara</subfield>
  </datafield>
  <datafield tag="082" ind1="0" ind2="4">
    <subfield code="2">23</subfield>
    <subfield code="a">297.1229</subfield>
  </datafield>
  <datafield tag="090" ind1="0" ind2="0">
    <subfield code="a">297.1229</subfield>
    <subfield code="b">TAF</subfield>
    <subfield code="d">R</subfield>
  </datafield>
  <datafield tag="245" ind1="0" ind2="0">
    <subfield code="a">TAFSIR MUYASSAR :</subfield>
    <subfield code="b">MEMAHAMI AL-QUR'AN DENGAN TERJEMAHAN DAN PENAFSIRAN PALING MUDAH : SURAT THAHA S/D AN-NAS JILID 2 /</subfield>
    <subfield code="c">Para Penyusun : Dr. Himat Basyir, Dr. Hazim Haidar, Dr. Mushthafa Muslim, Dr. Abdul Aziz Isma'il ; Penerjemah : Muhammad Ashim, Izzudin Karimi</subfield>
  </datafield>
  <datafield tag="246" ind1="1" ind2="3">
    <subfield code="a">At-Tafsir al-Muyassar</subfield>
  </datafield>
  <datafield tag="250" ind1=" " ind2=" ">
    <subfield code="a">Edisi Indonesia </subfield>
  </datafield>
  <datafield tag="264" ind1=" " ind2="1">
    <subfield code="a">Jakarta :</subfield>
    <subfield code="b">DARUL HAQ,</subfield>
    <subfield code="c">2016</subfield>
  </datafield>
  <datafield tag="300" ind1=" " ind2=" ">
    <subfield code="a">xxvi, 966 pages :</subfield>
    <subfield code="c">25 cm</subfield>
  </datafield>
  <datafield tag="336" ind1=" " ind2=" ">
    <subfield code="2">rdacontent</subfield>
    <subfield code="a">text</subfield>
  </datafield>
  <datafield tag="337" ind1=" " ind2=" ">
    <subfield code="2">rdamedia</subfield>
    <subfield code="a">unmediated</subfield>
  </datafield>
  <datafield tag="338" ind1=" " ind2=" ">
    <subfield code="2">rdacarrier</subfield>
    <subfield code="a">volume</subfield>
  </datafield>
  <datafield tag="500" ind1=" " ind2=" ">
    <subfield code="a">Original title : At-Tafsir al-Muyassar</subfield>
  </datafield>
  <datafield tag="650" ind1="1" ind2="0">
    <subfield code="a">Qur'an</subfield>
    <subfield code="v">Criticism, interpretation, etc</subfield>
  </datafield>
  <datafield tag="650" ind1="2" ind2="0">
    <subfield code="a">Qur'an</subfield>
    <subfield code="v">Commentaries</subfield>
  </datafield>
  <datafield tag="650" ind1="2" ind2="0">
    <subfield code="a">Qur'an</subfield>
    <subfield code="v">Hermeneutics</subfield>
  </datafield>
  <datafield tag="700" ind1="0" ind2=" ">
    <subfield code="a">Himat Basyir, </subfield>
    <subfield code="c">Dr.,</subfield>
    <subfield code="e">compiler.</subfield>
  </datafield>
  <datafield tag="700" ind1="0" ind2=" ">
    <subfield code="a">Hazim Haidar, </subfield>
    <subfield code="d">Dr.,</subfield>
    <subfield code="e">compiler.</subfield>
  </datafield>
  <datafield tag="700" ind1="0" ind2=" ">
    <subfield code="a">Dr. Mushthafa Muslim, </subfield>
    <subfield code="c">Dr.,</subfield>
    <subfield code="e">compiler</subfield>
  </datafield>
  <datafield tag="700" ind1="0" ind2=" ">
    <subfield code="a">Abdul Aziz Isma'il,</subfield>
    <subfield code="c">Dr.,</subfield>
    <subfield code="e">compiler.</subfield>
  </datafield>
  <datafield tag="700" ind1="0" ind2=" ">
    <subfield code="a">Muhammad Ashim, </subfield>
    <subfield code="e">translator.</subfield>
  </datafield>
  <datafield tag="700" ind1="0" ind2=" ">
    <subfield code="a">Izzudin Karimi,</subfield>
    <subfield code="e">translator.</subfield>
  </datafield>
  <datafield tag="942" ind1=" " ind2=" ">
    <subfield code="2">ddc</subfield>
    <subfield code="c">B</subfield>
  </datafield>
  <datafield tag="952" ind1=" " ind2=" ">
    <subfield code="0">0</subfield>
    <subfield code="7">1</subfield>
    <subfield code="b">PPAK</subfield>
    <subfield code="c">R</subfield>
    <subfield code="d">2019-01-01</subfield>
    <subfield code="o">R 297.1229 TAF</subfield>
    <subfield code="p">A01590523</subfield>
    <subfield code="r">2019-01-01 00:00:00</subfield>
    <subfield code="y">B</subfield>
  </datafield>
</record>
